Word Ladder: 5-Letter Colors Quiz Stats

Quiz Updated Mar 11, 2015

Challenge
Share
Tweet
Embed
Score 0/32 Timer 05:00
2 Plays Today
Clue 5-Letter Word % Correct
* 5-letter color *GREEN
98.3%
* 5-letter color *BROWN
97.6%
* 5-letter color *BLACK
96.4%
Headwear for a queenCROWN
96.4%
A small streamCREEK
94.7%
One from Athens, e.g.GREEK
94.2%
A sound from an old floorCREAK
93.7%
* 5-letter color *WHITE
93.6%
SketchedDRAWN
93.5%
Wheat or rice, e.g.GRAIN
93.2%
Street-bound square of a cityBLOCK
92.9%
Water goes down thisDRAIN
92.4%
Use a pencilWRITE
91.7%
Muscular fortitudeBRAWN
91.2%
Opposite of thinTHICK
91%
A thiefCROOK
90.5%
Clue 5-Letter Word % Correct
Sing like Bing CrosbyCROON
90.3%
Sensitive area between your legsGROIN
90.1%
Stun with electricitySHOCK
90%
A small streamBROOK
89.8%
A small hut or run-down houseSHACK
88.7%
The remains of a sunken shipWRECK
87.4%
Ash's Pokémon companionBROCK
85.9%
With 'havoc', to cause destructionWREAK
85.9%
Treat's partnerTRICK
85.7%
Lou who invented the Filet-o-FishGROEN
83.7%
A young birdCHICK
83.6%
To hit hard, often with a stickWHACK
80.4%
Wooden block for preventing rollingCHOCK
79%
Go to ___ and ruinWRACK
77.7%
Worn out; clichéTRITE
75.3%
Rapper Obie _____TRICE
74.1%

Today's Daily Dose

You're not logged in!

Compare scores with friends on all Sporcle quizzes.
Sign Up with Email
OR
Log In

You Might Also Like...

Show Comments

Extras

Top Quizzes Today


Score Distribution

Your Account Isn't Verified!

In order to create a playlist on Sporcle, you need to verify the email address you used during registration. Go to your Sporcle Settings to finish the process.